Business Analysis and Valuation Using Financial Statements (Record no. 11613)

MARC details
000 -LEADER
fixed length control field 00455nam a22001817a 4500
003 - CONTROL NUMBER IDENTIFIER
control field OSt
008 - FIXED-LENGTH DATA ELEMENTS--GENERAL INFORMATION
fixed length control field 221227b ||||| |||| 00| 0 eng d
020 ## - INTERNATIONAL STANDARD BOOK NUMBER
International Standard Book Number 97788131526644
082 ## - DEWEY DECIMAL CLASSIFICATION NUMBER
Classification number 658.15 MAB
100 ## - MAIN ENTRY--PERSONAL NAME
Personal name PALEPU,Krishna G
245 ## - TITLE STATEMENT
Title Business Analysis and Valuation Using Financial Statements
250 ## - EDITION STATEMENT
Edition statement 4th IMP
260 ## - PUBLICATION, DISTRIBUTION, ETC. (IMPRINT)
Place of publication, distribution, etc New Delhi
Name of publisher, distributor, etc Cengage
Date of publication, distribution, etc 2022
300 ## - PHYSICAL DESCRIPTION
Extent 1.10 MISC
650 ## - SUBJECT ADDED ENTRY--TOPICAL TERM
Topical term or geographic name as entry element MBA
700 ## - ADDED ENTRY--PERSONAL NAME
Personal name HEALY,Paul M
942 ## - ADDED ENTRY ELEMENTS (KOHA)
Source of classification or shelving scheme Dewey Decimal Classification
Koha item type Reference Books
Holdings
Withdrawn status Lost status Source of classification or shelving scheme Damaged status Not for loan Collection code Home library Current library Date acquired Source of acquisition Currency Cost, normal purchase price Inventory number Bill Number Total Checkouts Full call number Acc. no. / Barcode Date last seen Actual Cost, discounted price Bill Date Koha item type
    Dewey Decimal Classification     MBA PIET C-LIBRARY PIET C-LIBRARY 06/12/2022 Kirti Praskshan IN Rupees 450.00 1 IN1577   658.15 MAB 34244 27/12/2022 315.00 06/12/2022 Reference Books

Design & Developed by: PIET Central Library
R70 Miles Stone Pattikalyana Samalkha Panipat 132102
mail ID :- [email protected], Phone No:- 0180-2569700 Ex.216